Cantares de ayer y de esperanza : (Registro nro. 83774)
[ vista simple ]
| 000 -CABECERA | |
|---|---|
| Longitud fija campo de control | 01570nam a2200313 4500 |
| 003 - IDENTIFICADOR DEL NÚMERO DE CONTROL | |
| Identificador del número de control | EC-QuCCB |
| 005 - FECHA Y HORA DE LA ÚLTIMA TRANSACCIÓN | |
| Fecha y hora de la última transacción | 20260401162825.0 |
| 007 - CAMPO FIJO DE DESCRIPCIÓN FÍSICA--INFORMACIÓN GENERAL | |
| Campo fijo de descripción física | ta |
| 008 - DATOS DE LONGITUD FIJA--INFORMACIÓN GENERAL | |
| Códigos de información de longitud fija | 260330s1991 bo a|||gr|||| 001 p spa d |
| 040 ## - FUENTE DE LA CATALOGACIÓN | |
| Centro catalogador de origen | EC-QuCCB |
| 041 ## - CÓDIGO DE LENGUA | |
| Código de lengua del texto;banda sonora o título independiente | spa |
| Código de lengua del texto;banda sonora o título independiente | aym |
| 082 ## - NÚMERO DE LA CLASIFICACIÓN DECIMAL DEWEY | |
| Número de clasificación | B861 |
| Número de documento | T828 |
| 100 1# - ENTRADA PRINCIPAL--NOMBRE DE PERSONA | |
| Nombre de persona | Triguero Coronel, Abraham, |
| 9 (RLIN) | 44461 |
| 245 ## - MENCIÓN DE TÍTULO | |
| Título | Cantares de ayer y de esperanza : |
| Parte restante del título | poesía de la gente aymara |
| Mención de responsabilidad, etc. | Abraham Triguero Coronel |
| 246 ## - FORMA VARIANTE DE TÍTULO | |
| Título propio ; Título en breve | Wiñaya aymara markasana arupa |
| 260 ## - PUBLICACIÓN, DISTRIBUCIÓN, ETC. (PIE DE IMPRENTA) | |
| Lugar de publicación, distribución, etc. | La Paz, Bolivia : |
| Nombre del editor, distribuidor, etc. | [Editor no identificado], |
| Fecha de publicación, distribución, etc. | 1991 |
| 300 ## - DESCRIPCIÓN FÍSICA | |
| Extensión | 84 páginas : |
| Otros detalles físicos | ilustraciones ; |
| Dimensiones | 22 cm |
| 336 ## - TIPO DE CONTENIDO | |
| Content type term | texto |
| Content type code | txt |
| 337 ## - TIPO DE MEDIO | |
| Media type term | no mediado |
| Media type code | n |
| 338 ## - TIPO DE PORTADOR | |
| Carrier type term | volumen |
| Carrier type code | nc |
| 500 ## - NOTA GENERAL | |
| Nota general | Inf |
| 505 ## - NOTA DE CONTENIDO CON FORMATO | |
| Nota de contenido con formato preestablecido | Introducción a la poesía aymara -- Wiñaya Markasa -- Phisqa Patak Mara -- Quinientos Años -- Sapxakistati -- ¿Qué Piensan? -- Ukataraki WiÑaymarka Jaytarpayasipkitasma -- Cuidado que olviden mi pueblo -- Machaqa Marka -- Pueblo Nuevo -- Wiñay Uraqisa -- Nuestra tierra de siempre -- Khitipxtansa -- ¿Quienes Somos? -- Tumpasipxañani -- Visitémonos -- Khitis Jiwasampi -- ¿Quién esta con nosotros? -- Jillasa-Kullakasa -- Aymara Tawaquna Arupa -- La Voz de la Joven Aymara -- Aymara Wayna -- Joven Aymara -- Warawara Tawaqu -- Estrella Joven -- Wajcha Wawa -- Criatura Huerfana -- Kawkinkarakta -- ¿Dónde estas? -- Jiwasankistuwa -- Depende e nosotros -- Vocabulario. |
| 590 ## - NOTA LOCAL (RLIN) | |
| Nota local | bgg |
| 650 #0 - PUNTO DE ACCESO ADICIONAL DE MATERIA--TÉRMINO DE MATERIA | |
| Nombre de materia o nombre geográfico como elemento de entrada | Poesía boliviana |
| 9 (RLIN) | 40387 |
| Nombre de materia o nombre geográfico como elemento de entrada | Literatura boliviana |
| 9 (RLIN) | 19067 |
| 942 ## - ELEMENTOS DE PUNTO DE ACCESO ADICIONAL (KOHA) | |
| Fuente de clasificaión o esquema | Dewey Decimal Classification |
| Koha [por defecto] tipo de item | Monografía |
| Suprimido | Perdido | Fuente de clasificación o esquema | Estropeado | Restricciones de uso | No se presta | Koha Colección | Localización (Biblioteca) | Localización actual | Localización en estanterías | Fecha adquisición | Fuente de adquisición | Préstamos totales | Clasificación completa | Designación de pieza (código de barras) | Fecha última consulta | Número de ejemplar | Fecha del precio de reemplazo | Tipo de item de Koha |
|---|---|---|---|---|---|---|---|---|---|---|---|---|---|---|---|---|---|---|
| Disponible | Dewey Decimal Classification | Sin daños | Sin restricciones de uso | Disponible para préstamo | LENGUAS y LITERATURA | Biblioteca y Archivo de la CCE | Biblioteca y Archivo de la CCE | INFANTIL | 30/03/2026 | Donación Dietlind Brehme | B861 T828 | 0014887 | 30/03/2026 | Ej. 1 | 30/03/2026 | Monografía |























